|
|
|
|
| LEADER |
00000cam a2200000 7i4500 |
| 001 |
0000023478 |
| 005 |
20081107.0 |
| 008 |
080915 |
| 020 |
|
|
|a 8126130962
|
| 090 |
0 |
0 |
|a 616.9703
|b ENC
|
| 245 |
1 |
0 |
|a Encyclopedia of HIV/AIDS problems and control :
|b volume 2
|c editor in chief C.P Yadav
|
| 260 |
|
|
|a New Delhi :
|b Anmol Publication ,
|c 2007
|
| 650 |
|
0 |
|a AIDS (dicase)
|
| 650 |
|
0 |
|a AIDS (disease)
|x prevention
|
| 650 |
|
0 |
|a AIDS (disease)
|x problems
|
| 700 |
1 |
|
|a Yadav, C. P.
|
| 999 |
|
|
|a 0001027812
|b Book
|c REFERENCE
|e Perbadanan Perpustakaan Awam Johor
|
| 999 |
|
|
|a 0001612889
|b Book
|c Adult Collection
|e Cawangan Bandar Penawar
|